Statistiche per Mappa del mondo senza 20 paesi casuali

Clicka qui per fare il quiz!

Statistiche generali

  • Questo quiz è stato fatto 4.703 volte
  • Il punteggio medio è 14 su 20

Risposte nella Mappa

Le risposte nella mappa del quiz sottostante sono codificate secondo una scala di colori dal rosso al verde in base alla % di persone che hanno risposto correttamente.
 

Statistiche sulle risposte

nazione% Corretto
Argentina
100%
Brasile
100%
Italia
100%
Kazakistan
100%
Russia
100%
Stati Uniti
100%
Sudafrica
100%
Ucraina
100%
Arabia Saudita
97%
Australia
97%
Austria
97%
Cechia
97%
Egitto
97%
Francia
97%
Germania
97%
India
97%
Libia
97%
Messico
97%
Mongolia
97%
Algeria
96%
Bolivia
96%
Canada
96%
Mauritania
96%
Nepal
96%
Svizzera
96%
Cina
95%
Nigeria
95%
Repubblica Democratica del Congo
95%
Slovacchia
94%
Bielorussia
93%
Paraguay
93%
Perù
93%
Venezuela
93%
Guyana
92%
Iran
92%
Romania
91%
Sudan
91%
Ecuador
90%
Etiopia
90%
Iraq
90%
Pakistan
90%
Polonia
89%
Spagna
89%
Afghanistan
88%
Ciad
88%
Colombia
88%
Mali
88%
Moldavia
88%
Repubblica Centrafricana
88%
Serbia
88%
Tanzania
88%
Uzbekistan
88%
Botswana
87%
Namibia
87%
Niger
87%
Togo
87%
Angola
86%
Bulgaria
86%
Nicaragua
86%
Kenya
85%
Sud Sudan
85%
Svezia
85%
Ungheria
85%
Belgio
84%
Suriname
84%
Benin
83%
Giappone
83%
Indonesia
83%
Kirghizistan
83%
Thailandia
83%
Uruguay
83%
Panama
82%
Croazia
81%
Turchia
81%
Yemen
81%
Zimbabwe
81%
Honduras
80%
Oman
80%
Senegal
80%
Tagikistan
80%
Costa Rica
79%
Tunisia
79%
Uganda
78%
Grecia
77%
Lituania
77%
Turkmenistan
77%
Armenia
76%
Corea del Nord
76%
Finlandia
76%
Kosovo
76%
Siria
75%
Congo
74%
Bosnia ed Erzegovina
73%
Côte d'Ivoire
73%
Guinea
73%
Laos
73%
Lesotho
73%
Mozambico
73%
Regno Unito
73%
Zambia
73%
Birmania
72%
Guatemala
71%
Marocco
71%
Slovenia
71%
Camerun
70%
Cile
69%
Gabon
69%
Nuova Zelanda
69%
Ruanda
69%
Malesia
68%
Portogallo
68%
Burkina Faso
67%
Corea del Sud
67%
Danimarca
67%
Giordania
67%
Norvegia
67%
Malawi
65%
Sierra Leone
64%
Georgia
63%
Papua Nuova Guinea
63%
Azerbaijan
62%
Ghana
62%
Sri Lanka
62%
Eritrea
61%
Estonia
61%
Lettonia
61%
Seychelles
61%
Bangladesh
60%
Giamaica
60%
Malta
60%
Macedonia del Nord
57%
Swaziland
57%
Cabo Verde
56%
Comoros
56%
Filippine
56%
Mauritius
56%
Sao Tome e Principe
56%
Madagascar
53%
Irlanda
52%
Maldive
52%
Somalia
51%
Islanda
50%
Repubblica Dominicana
50%
Tuvalu
50%
Burundi
48%
Isole Marshall
48%
Taiwan
48%
Haiti
47%
Paesi Bassi
47%
Cuba
46%
Liberia
46%
Bahamas
45%
Kiribati
45%
Micronesia
45%
Albania
44%
Guinea-Bissau
44%
Vanuatu
44%
Vietnam
44%
Palau
43%
Figi
42%
Isole Salomone
40%
Nauru
40%
Samoa
39%
El Salvador
37%
Guinea Equatoriale
36%
Israele
36%
Cambogia
35%
Tonga
35%
Belize
34%
Emirati Arabi Uniti
30%
Kuwait
20%

Distribuzione punteggi

Percentile per numero di risposta

Percentuale di utenti per punteggio

I tuoi punteggi nel tempo

Non hai fatto questo quiz